书目信息 |
| 题名: |
中华二千年史
|
|
| 作者: | 邓之诚 著 ;厚艳芬 点校 | |
| 分册: | 卷一 秦汉三国 | |
| 出版信息: | 北京 中华书局 2019 |
|
| 页数: | 286页 | |
| 开本: | 21cm | |
| 丛书名: | ||
| 单 册: | ||
| 中图分类: | K22 , K232 | |
| 科图分类: | ||
| 主题词: | 中国历史--zhong guo li shi--古代史 , 秦汉时代--qin han shi dai--历史 , 三国时代--san guo shi dai--历史 | |
| 电子资源: | ||
| ISBN: | 978-7-101-13844-3 | |
| 000 | 00944nam0 2200277 450 | |
| 001 | 011029202414 | |
| 005 | 20211031090810.48 | |
| 010 | @a978-7-101-13844-3@dCNY36.00(全9册320.00) | |
| 100 | @a20190910d2019 em y0chiy0120 ea | |
| 101 | 0 | @achi |
| 102 | @aCN@b110000 | |
| 105 | @ay z 000yy | |
| 106 | @ar | |
| 200 | 1 | @a中华二千年史@Azhong hua er qian nian shi@h卷一@i秦汉三国@f邓之诚著@g厚艳芬点校 |
| 210 | @a北京@c中华书局@d2019 | |
| 215 | @a286页@d21cm | |
| 330 | @a本书介绍了秦汉三国的历史,内容包括:秦世系(附帝系表)、秦汉之际、汉世系(附帝系表)、东汉世系(附帝系表)等。 | |
| 606 | 0 | @a中国历史@Azhong guo li shi@x古代史 |
| 606 | 0 | @a秦汉时代@Aqin han shi dai@x历史 |
| 606 | 0 | @a三国时代@Asan guo shi dai@x历史 |
| 690 | @aK22@v5 | |
| 690 | @aK232@v5 | |
| 701 | 0 | @a邓之诚@Adeng zhi cheng@f(1887-1960)@4著 |
| 702 | 0 | @a厚艳芬@Ahou yan fen@4点校 |
| 801 | 0 | @aCN@b百万庄@c20211029 |
| 905 | @b1312523-24@dK22@e156:1@f2 | |
| 中华二千年史.卷一.秦汉三国/邓之诚著/厚艳芬点校.-北京:中华书局,2019 |
| 286页;21cm |
| ISBN 978-7-101-13844-3:CNY36.00(全9册320.00) |
| 本书介绍了秦汉三国的历史,内容包括:秦世系(附帝系表)、秦汉之际、汉世系(附帝系表)、东汉世系(附帝系表)等。 |
| ● |
| 相关链接 |
|
|
|
|
正题名:中华二千年史
索取号:K22/156:1
 
预约/预借
| 序号 | 登录号 | 条形码 | 馆藏地/架位号 | 状态 | 备注 |
| 1 | 1312523 | 213125232 | 第二样本阅览室/ [索取号:K22/156:1] | 在馆 | |
| 2 | 1312524 | 213125241 | 第二借阅区/ [索取号:K22/156:1] | 在馆 |